000 02217cam a22003251 4500
001 f 01001925
003 DLC
005 20260227111241.0
008 770317m18941898fr 000 0 fre
010 _af 01001925
035 _a(OCoLC)2811889
040 _aDLC
_cMNS
_dMNS
_dOCoLC
_dDLC
050 0 0 _aDC194.A2
_bC7f
051 _aDC194.A2
_bC7f
_cIndex
110 2 _aCommune de Paris (France : 1789-1794)
245 1 0 _aActes de la Commune de Paris pendant la Révolution.
_cPubliés et annotés par Sigismond Lacroix.
260 _aParis,
_bL. Cerf,
_c1894-98.
300 _a7 v.
_c25 cm.
490 0 _aCollection de documents relatifs à l'histoire de Paris pendant la Révolution française. Publiée sous la patronage du Conseil municipal
500 _aFirst series, "période de la municipalité provisoire."
500 _aTome 1: Première Assemblée des représentants de la Commune, 25 juillet-18 sept. 1789.
500 _aTome 2-7: Deuxième Assemblée des représentants de la Commune, Conseil de ville, Bureau de ville, 19 sept. 1789-8 oct 1790.
500 _aEach vol. contains also "Tables des journaux et ouvrages cités," and lists of representatives, or changes in personnel; t. 2, the composition of the Conseil de ville, the Tribunal de police, and the Comité des recherches; t. 7, an Appendice: Attributions des notables-adjoints de la Commune pour la procédure criminelle; Interdiction des combats de taureaux par le Département municipal de police; Admission des juifs de Paris aux droits de citoyens actifs; Fondation du Cercle social et de la Confedération universelle des amis de la vérité; Personnel du Comité militaire de la ville de Paris et des commandants de bataillon de la Garde nationale parisienne.
500 _aSupplemented by : Index alphabétique et analytique / Commune de Paris (France : 1789-1794). Published : Paris : L. Cerf, 1899- Call No. : DC194.A2 C7f Index
651 0 _aParis (France)
_xHistory
_y1789-1799
_xSources.
651 0 _aParis (France)
_xPolitics and government.
651 0 _aFrance
_xHistory
_yRevolution, 1789-1799
_xSources.
651 0 _aFrance
_xPolitics and government
_y1789-1799.
700 1 _aLacroix, Sigismond,
_d1845-1909,
_eed.
999 _c22671
_d22671